ბათუმის შოთა რუსთაველის სახელმწიფო უნივერსიტეტის ბიბლიოთეკა

ბევრი რამ ერთად : (ბიბ.ჩანაწერი № 63138)

000 -ლიდერი
ფიქსირებული სიგრძის საკონტროლო ველი 02282nam a22002537a 4500
003 - საკონტროლო ნომრის იდენტიფიკატორი
საკონტროლო ველი Ge_BSU
005 - ბოლო ოპერაციის თარიღი და დრო
საკონტროლო ველი 20250611112318.0
008 - ფიქსირებული სიგრძის მონაცემთა ელემენტები - ზოგადი ინფორმაცია
ფიქსირებული სიგრძის საკონტროლო ველი 250611s2025 ge ||||| |||| 00| 0 geo d
020 ## - წიგნის საერთაშორისო სტანდარტული ნომერი
International Standard Book Number 9789941522048
041 ## - ენის კოდი
Language code of text/sound track or separate title geo
080 ## - უნივერსალური ათობითი კლასიფიკაციის ინდექსი
Universal Decimal Classification number 811.353.1 : 821.353.1 ფ-97
100 ## - მთავარი ჩანაწერი - პიროვნების სახელი
Personal name ფუტკარაძე, ტარიელ
9 (RLIN) 128
245 ## - ცნობა სათაურის შესახებ
Title ბევრი რამ ერთად :
Remainder of title (სტატიები, წერილები, ესეები...) = Lots of Things Together : (Articles, Letters, Essays...) /
Statement of responsibility, etc ტარიელ ფუტკარაძე; რედაქტორები: იამზე ვაშაკიძე, ნათია ფუტკარაძე, რატი ფუტკარაძე; მხატვარი ილია ჭრელაშვილი; ტარიელ ფუტკარაძის ქართველოლოგიური საერთაშორისო ცენტრი.
264 ## - წარმოების, გამოცემის, დისტრიბუციის და სხვა ცნობები
გამოცემის, წარმოების, დისტრიბუციის... ადგილი თბილისი :
გამოცემის, წარმოების, დისტრიბუციის... სახელწოდება გრიფონი,
გამოცემის, წარმოების, დისტრიბუციის... თარიღი 2025.
300 ## - ფიზიკური აღწერა
Extent 834 გვ. :
Other physical details ფოტ. ;
Dimensions 29 სმ.
500 ## - ზოგადი შენიშვნა
General note გარეკანზე ავტორის გვარის ქვეშ მისივე ხელწერით წითელი ფანქრით აღნიშნულია ავტორის შვილიშვილის ანი ფუტკარაძის სახელი და გვარი.
თავფურცელზე ავტორი მითითებული არ არის.
653 ## - INDEX TERM--UNCONTROLLED
Uncontrolled term ტარიელ ფუტკარაძის სტატიები
700 ## - ADDED ENTRY--PERSONAL NAME
Personal name ვაშაკიძე, იამზე
Relator term რედაქტორი წინასიტყვაობის ავტორი
9 (RLIN) 25365
700 ## - ADDED ENTRY--PERSONAL NAME
Personal name ფუტკარაძე, ნათია
Relator term რედაქტორი
9 (RLIN) 13328
700 ## - ADDED ENTRY--PERSONAL NAME
Personal name ფუტკარაძე, რატი
Relator term ავტორი
9 (RLIN) 25366
700 ## - ADDED ENTRY--PERSONAL NAME
Personal name ჭრელაშვილი, ილია
Relator term მხატვარი
9 (RLIN) 25367
710 ## - ADDED ENTRY--CORPORATE NAME
Corporate name or jurisdiction name as entry element ტარიელ ფუტკარაძის ქართველოლოგიური საერთაშორისო ცენტრი.
9 (RLIN) 25368
942 ## - ADDED ENTRY ELEMENTS (KOHA)
Source of classification or shelving scheme
Koha item type წიგნი
ეგზემპლარები
ჩამოწერის სტატუსი დაკარგული ეგზემპლარის სტატუსი კლასიფიკაციის წყარო ან თაროზე გაწყობის სქემა დაზიანების სტატუსი არ გაიცემა მუდმივი მდებარეობა (დაცვის ადგილი) ამჟამინდელი ადგილსამყოფელი თაროზე განთავსების ადგილი შეძენის თარიღი ღირებულება, შესყიდვის ნორმალური ფასი სრული შენახვის შიფრი შტრიხკოდი ბოლო ოპერაციის თარიღი ეგზემპლარის მიმდევრობითი ნომერი (კეტერი?) Uniform Resource Identifier ფასის ძალაში შესვლის თარიღი ეგზემპლარის სახეობა საჯარო შენიშვნა
          ბათუმის შოთა რუსთაველის სახელმწიფო უნივერსიტეტის მთავარი ბიბლიოთეკა ბათუმის შოთა რუსთაველის სახელმწიფო უნივერსიტეტის მთავარი ბიბლიოთეკა წიგნსაცავი 2025-06-11 25.00 811.353.1 : 821.353.1 ფ-97 71784 2025-06-11 71784 ნაჩუქარი 2025-06-11 წიგნი 25 ლ.